| 000 | 00544 a2200205 4500 | ||
|---|---|---|---|
| 005 | 20260129110707.0 | ||
| 008 | 260128b |||||||| |||| 00| 0 eng d | ||
| 020 |
_a9781683670391 _c$ 99.95 |
||
| 040 | _aMAIN | ||
| 082 |
_a616.96 _bG165P(3) |
||
| 100 | _aGarcia, Lynne S | ||
| 245 | _aPractical guide to diagnostic parasitology | ||
| 250 | _a3rd | ||
| 260 |
_bASM Press _c2021 _aWashington DC |
||
| 300 | _axxiii, 568 | ||
| 650 | _aParasitic Diseases | ||
| 650 | _aDiagnosis | ||
| 650 | _aClinical Labarotory Techniques | ||
| 942 | _cBK | ||
| 999 |
_c393781 _d393781 |
||